000 01350cam a2200349 a 4500
001 12955244
003 ARRUPE
005 20150311020006.0
008 021002s1999 enka 001 0 eng
010 _a 2002512669
020 _a0907845304
020 _a0907845258 (pbk.)
035 _a(OCoLC)ocm41504683
040 _aUKM
_cUKM
_dABC
_dDAY
_dLVB
_dDLC
042 _alccopycat
050 0 0 _aBF311
_b.V512 1999
082 0 0 _a153
_221
245 0 4 _aThe view from within :
_bfirst-person approaches to the study of consciousness /
_cedited by Francisco J. Varela and Jonathan Shear.
260 _aThorverton, UK ;
_aBowling Green, OH :
_bImprint Academic,
_c2000.
300 _a313 p. :
_bill. ;
_c27 cm.
500 _aExtension of the Journal of consciousness studies, 6, no. 2-3, 1999.
500 _a"ISSN 1355-8250"--P. ii.
504 _aIncludes bibliographical references and index.
650 0 _aConsciousness.
_914550
650 0 _aExperience.
_914106
700 1 _aShear, J.
_q(Jonathan)
_914551
700 1 _aVarela, Francisco J.,
_d1946-
_914552
856 4 2 _3Publisher description
_uhttp://www.loc.gov/catdir/enhancements/fy0715/2002512669-d.html
906 _a7
_bcbc
_ccopycat
_d2
_encip
_f20
_gy-gencatlg
942 _2lcc
_cMONOGRAPH
_01
999 _c121872
_d121872